Najmniejsze miasta w województwach - Statystyki

Ogólne statystyki
  • Ten quiz został rozwiązany 14 razy
  • Średni wynik to 4 z 16
Statystyki odpowiedzi
Województwo
/ populacja
Miasto % Poprawnych
Świętokrzyskie356 Opatowiec
82%
Lubuskie889 Brody
36%
Lubelskie817 Józefów nad Wisłą
36%
Małopolskie769 Koszyce
36%
Pomorskie1773 Krynica Morska
36%
Podkarpackie815 Dubiecko
27%
Podlaskie988 Suraż
27%
Dolnośląskie1679 Wleń
27%
Łódzkie847 Dąbrowice
18%
Kujawsko-pomorskie 1383 Górzno
18%
Śląskie2030 Krzanowice
18%
Opolskie1539 Strzeleczki
18%
Zachodniopomorskie1111 Nowe Warpno
9%
Wielkopolskie1375 Stawiszyn
9%
Mazowieckie877 Wyśmierzyce
9%
Warmińsko-Mazurskie2184 Bisztynek
0%
Nie znaleziono quizów pasujących do podanych kryteriów
Rozkład punktacji
Procent ludzi z każdym wynikiem
Percentyl według liczby udzielonych odpowiedzi
Twoja historia wyników
Nie rozwiązałeś tego quizu